Statystyki dla Fortuna I Liga 2022/23

Kliknij tutaj aby rozwiązać quiz!

Ogólne statystyki

  • Ten quiz został rozwiązany 164 razy
  • Średni wynik to 14 z 18

Statystyki odpowiedzi

Lp.Drużyna% Poprawnych
17Wisła Kraków
94%
1Arka Gdynia
90%
13Ruch Chorzów
90%
2Bruk-Bet Termalica Nieciecza
88%
8ŁKS Łódź
86%
6Górnik Łęczna
79%
5GKS Katowice
78%
12Resovia
78%
16Stal Rzeszów
78%
9Odra Opole
77%
4Chrobry Głogów
76%
18Zagłębie Sosnowiec
75%
3Chojniczanka Chojnice
74%
11Puszcza Niepołomice
73%
10Podbeskidzie Bielsko-Biała
71%
14Sandecja Nowy Sącz
71%
7GKS Tychy
70%
15Skra Częstochowa
60%

Rozkład punktacji

Percentyl według liczby udzielonych odpowiedzi

Procent ludzi z każdym wynikiem

Twoja historia wyników

Nie rozwiązałeś tego quizu